[Event "Baden-ch U1700"]
[Site "Walldorf"]
[Date "2017.07.27"]
[Round "2"]
[White "Haenselmann, Hendrik"]
[Black "Kilian, Claus"]
[Result "1/2-1/2"]
[WhiteElo "1557"]
[BlackElo "1599"]
[PlyCount "39"]
[EventDate "2017.07.26"]
[EventType "swiss"]
[EventRounds "7"]
[EventCountry "GER"]
[SourceTitle "EXT 2018"]
[Source "ChessBase"]
[SourceDate "2017.10.13"]
[SourceVersion "1"]
[SourceVersionDate "2017.10.13"]
[SourceQuality "1"]

1. e4 c5 2. Nf3 e6 3. d4 cxd4 4. Nxd4 Nf6 5. Nc3 a6 6. Bd3 Qc7 7. Nb3 Nc6 8. 0-0 Be7 9. Bd2 b5 10. f4 Qb6+ 11. Kh1 h5 12. Qf3 Bb7 13. Rae1 d6 14. Qg3 Ng4 15. h3 0-0-0 16. Be3 Nxe3 17. Qxe3 Qc7 18. Nd4 Nxd4 19. Qxd4 Bf6 20. Qb4 1/2-1/2